000 00798nam a2200277Ia 4500
003 OSt
005 20220918163939.0
006 a|||||r|||| 00| 0
007 ta
008 220917b |||||||| |||| 00| 0 eng d
020 _a0333918282 (hbk)
024 _a176,125
037 _cTextual
040 _aARTS
_cARTS
_beng
041 _2eng
_aeng
082 _aV6:19.N, P1
100 _aDunn Kevin C Ed.
_916152
245 0 _aAfrica's challege to international relations theory
260 _aNew York
_bPalgrave
_c2001
300 _axvi, 242p.
_ccm.
490 _aInternational political economy series
650 _aHISTORY
700 _a Shaw Timothy M. Ed.
_916153
942 _hV6:19.N, P1
_cTEXL
_2CC
999 _c122248
_d122248